| 000 | 00456nam a2200145 i 4500 | ||
|---|---|---|---|
| 001 | 56982 | ||
| 003 | ES-MaACL | ||
| 007 | t| | ||
| 008 | 031014m19531954it ||||1| ita d | ||
| 100 | 1 |
_aDíez, Salvatore. _944671 |
|
| 245 | 1 | 0 |
_aInfortunística _b: patología traumática e medicina legale / _cSalvatore Díez. |
| 260 |
_a[S.l. : _bMinerva Médica, _c1953-54] ( _eTorino : _fAlmiro) |
||
| 300 |
_a2 v.p. ; _c26 cm. |
||
| 852 |
_aES-MaACL _jC-9182-3 _bR.37305 |
||
| 999 |
_c56982 _d56982 |
||